000 00652nam a2200229 a 4500
999 _c1780
_d1780
001 1780
003 BD-JhCC
005 20190314134007.0
008 171024s2007 bg a|||| ||a| 000 0 ben d
020 _a9847002200073
035 _a(BD-JhCC)1780
040 _aBD-JhCC
_dBD-JhCC
041 _aben
082 _a891.4435
_bISL 2007
100 _aইসলাম, শামসুল
245 _aকিংবদন্তীসমগ্র /
_cশামসুল ইসলাম
260 _aঢাকা :
_bসূচীপত্র,
_c2007.
300 _a239p. :
_c21 cm.
650 _aBengali Short Story
942 _2ddc
_cBK
_01